000 00684nam a2200193 i 4500
001 72398
003 ES-MaACL
005 20230906171428.0
007 t|
008 040901s1968 sp ||||1| spa d
100 1 _aGirardi, Giulio.
_957231
245 1 0 _aMarxismo y cristianismo /
_cGiulio Girardi ; el autor y su libro por Jesús Aguirre ; presentación por el Cardenal Francisco Koenig ; [versión de José Antonio Rico].
260 _a[Madrid] :
_bTaurus,
_c[1968]
300 _a356 p. ;
_c17 cm.
700 1 _aAguirre, Jesús,
_cDuque de Alba.
_9125561
700 1 _aKoenig, Francisco.
_968441
700 1 _aRico, José Antonio.
_997015
852 _aES-MaACL
_jC-36251
_bR.67320
999 _c72398
_d72398